| 000 | 00552nam a22001577a 4500 | ||
|---|---|---|---|
| 003 | macl | ||
| 005 | 20200312114403.0 | ||
| 008 | 200312b xxu||||| |||| 00| 0 eng d | ||
| 040 | _cmacl | ||
| 082 | _a920/VER | ||
| 100 |
_aवर्मा , रामचंद्र _937998 |
||
| 245 | _aप्रचीन भारत के स्त्री -रतन | ||
| 260 |
_aदिल्ली _bसस्ता साहित्य मण्डल प्रकाशन _c2017 |
||
| 650 |
_aजीवली _978614 |
||
| 942 |
_2ddc _cHIN |
||
| 999 |
_c62371 _d62371 |
||